[Event "Bronshoj Lang Weekend 2015"]
[Site "Copenhagen"]
[Date "2015.02.06"]
[Round "1"]
[White "Andersen, Rune"]
[Black "Kyrkjebo, Eirik"]
[Result "1-0"]
[WhiteElo "2056"]
[BlackElo "1636"]
[PlyCount "75"]
[EventDate "2015.??.??"]
[EventType "swiss"]
[EventRounds "7"]
[EventCountry "DEN"]

1. d4 d5 2. c4 e6 3. Nc3 Nf6 4. Nf3 c6 5. Bg5 Nbd7 6. e3 Qa5 7. cxd5 exd5 8.
Rc1 Ne4 9. Bd3 Bb4 10. Qb3 c5 11. Qc2 c4 12. Bxe4 h6 13. Bh4 dxe4 14. Qxe4+ Kf8
15. a3 Bd6 16. Nd2 Nb6 17. O-O h5 18. Bg3 Bxg3 19. fxg3 Rh6 20. Rf2 Re6 21. Qf4
Rf6 22. Qc7 Be6 23. Rxf6 gxf6 24. Rf1 Qg5 25. Rf4 Re8 26. Nde4 Qg6 27. Rxf6 Qg4
28. h3 Qg7 29. Qc5+ Kg8 30. Qxh5 Bd5 31. Rf4 Be6 32. Nf6+ Kf8 33. Nxe8 Kxe8 34.
d5 Qxg3 35. Qh8+ Ke7 36. Qf6+ Ke8 37. dxe6 Qxe3+ 38. Kh2 1-0

[Event "Bronshoj Lang Weekend 2015"]
[Site "Copenhagen"]
[Date "2015.02.06"]
[Round "1"]
[White "Andersen, Soren Mikkel"]
[Black "Hansen, Thomas"]
[Result "1-0"]
[WhiteElo "2119"]
[BlackElo "1702"]
[PlyCount "39"]
[EventDate "2015.??.??"]
[EventType "swiss"]
[EventRounds "7"]
[EventCountry "DEN"]

1. d4 Nf6 2. c4 g6 3. Nc3 d5 4. Nf3 Bg7 5. Qb3 dxc4 6. Qxc4 O-O 7. e4 c6 8. Be2
Nbd7 9. e5 Nb6 10. exf6 Nxc4 11. fxg7 Kxg7 12. Bxc4 Bg4 13. Be3 Qd6 14. O-O-O
b5 15. Ne4 Qb4 16. Bb3 Qa5 17. Nc5 e6 18. Rd2 Bxf3 19. gxf3 Qc7 20. Bxe6 1-0

[Event "Bronshoj Lang Weekend 2015"]
[Site "Copenhagen"]
[Date "2015.02.06"]
[Round "1"]
[White "Christensen, Esben"]
[Black "Nielsen, Thomas"]
[Result "1-0"]
[WhiteElo "2043"]
[BlackElo "1632"]
[PlyCount "67"]
[EventDate "2015.??.??"]
[EventType "swiss"]
[EventRounds "7"]
[EventCountry "DEN"]

1. e4 e6 2. Nf3 d5 3. Nc3 dxe4 4. Nxe4 Nf6 5. Nxf6+ Qxf6 6. d4 Qd8 7. Bc4 Be7
8. O-O O-O 9. Re1 Re8 10. Ne5 Nd7 11. Nxf7 Kxf7 12. Bxe6+ Kf8 13. Qh5 Ne5 14.
Rxe5 Bxe6 15. Rxe6 Qxd4 16. c3 Qd3 17. Be3 Rad8 18. Re1 Rd5 19. Qf3+ Qf5 20.
Qxf5+ Rxf5 21. Bd4 c5 22. Bxg7+ Kxg7 23. Rxe7+ Rxe7 24. Rxe7+ Kg6 25. Rxb7 Rd5
26. g3 Rd2 27. a4 a5 28. Rb6+ Kg7 29. Rb5 c4 30. Kg2 Kf6 31. Kf3 Ke6 32. Ke3
Rc2 33. g4 h6 34. h4 1-0

[Event "Bronshoj Lang Weekend 2015"]
[Site "Copenhagen"]
[Date "2015.02.06"]
[Round "1"]
[White "Eriksson, Christian Altenburg"]
[Black "Haugaard, Thomas"]
[Result "1-0"]
[WhiteElo "2147"]
[BlackElo "1743"]
[PlyCount "47"]
[EventDate "2015.??.??"]
[EventType "swiss"]
[EventRounds "7"]
[EventCountry "DEN"]

1. e4 e5 2. Nf3 d6 3. d4 exd4 4. Nxd4 Nf6 5. Nc3 Be7 6. Be2 O-O 7. O-O Re8 8.
f4 c5 9. Nf3 Nc6 10. Bc4 h6 11. Kh1 Bf8 12. e5 Nh7 13. Nb5 Be6 14. Bxe6 Rxe6
15. f5 Re7 16. f6 Rd7 17. fxg7 Bxg7 18. Qe1 dxe5 19. Nh4 a6 20. Nc3 Rd4 21. Nf5
Rg4 22. Bxh6 Bf6 23. Be3 Nd4 24. Nh6+ 1-0

[Event "Bronshoj Lang Weekend 2015"]
[Site "Copenhagen"]
[Date "2015.02.06"]
[Round "1"]
[White "Fredericia, Louise Winther"]
[Black "Kristensen, Lars Ostergaard"]
[Result "1/2-1/2"]
[WhiteElo "2064"]
[BlackElo "1660"]
[PlyCount "73"]
[EventDate "2015.??.??"]
[EventType "swiss"]
[EventRounds "7"]
[EventCountry "DEN"]

1. e4 c6 2. Nf3 d5 3. Nc3 dxe4 4. Nxe4 Bf5 5. Ng3 Bg6 6. Ne5 Nd7 7. Nxg6 hxg6
8. Bc4 Ngf6 9. d3 e6 10. Bd2 Bc5 11. Qe2 Qc7 12. O-O-O O-O-O 13. Rde1 Nb6 14.
Bb3 Nbd5 15. Ne4 Nxe4 16. dxe4 Nf6 17. g3 Qb6 18. f3 Bb4 19. Be3 Bc5 20. Bg5
Rd7 21. Rd1 Nh7 22. Rxd7 Kxd7 23. Rd1+ Kc8 24. Bf4 Rd8 25. Rxd8+ Qxd8 26. c3
Nf6 27. g4 Bb6 28. h4 Bc7 29. Be3 Bb6 30. Bg5 Qd7 31. Bxf6 gxf6 32. h5 Bc7 33.
Qe3 Qd6 34. Bc4 Qf4 35. Kd2 Qh2+ 36. Kd3 gxh5 37. Qxa7 1/2-1/2

[Event "Bronshoj Lang Weekend 2015"]
[Site "Copenhagen"]
[Date "2015.02.06"]
[Round "1"]
[White "Gulbrandsen, Mats Lundh"]
[Black "Karlsson, Ulf"]
[Result "0-1"]
[WhiteElo "1618"]
[BlackElo "2000"]
[PlyCount "60"]
[EventDate "2015.??.??"]
[EventType "swiss"]
[EventRounds "7"]
[EventCountry "DEN"]

1. d4 d5 2. c4 e6 3. Nc3 c5 4. e3 Nf6 5. cxd5 exd5 6. Nf3 Nc6 7. g3 c4 8. a3
Be7 9. Bg2 O-O 10. O-O Bg4 11. Qc2 Qc8 12. Ne5 Bf5 13. Nxc6 bxc6 14. Qa4 Rd8
15. Ne2 Qb7 16. f3 Bd3 17. Re1 Bd6 18. Nc3 Re8 19. e4 Bc7 20. Kh1 Bb6 21. e5
Nd7 22. Qb4 a5 23. Qd6 Re6 24. Qxd7 Qxd7 25. Bh3 Bxd4 26. Bxe6 Qxe6 27. Na4 Rb8
28. f4 Be4+ 29. Rxe4 dxe4 30. Rb1 e3 0-1

[Event "Bronshoj Lang Weekend 2015"]
[Site "Copenhagen"]
[Date "2015.02.06"]
[Round "1"]
[White "Jensen, Rolf"]
[Black "Nielsen, Klaus"]
[Result "0-1"]
[WhiteElo "1673"]
[BlackElo "2094"]
[PlyCount "128"]
[EventDate "2015.??.??"]
[EventType "swiss"]
[EventRounds "7"]
[EventCountry "DEN"]

1. c4 e5 2. g3 Nc6 3. Bg2 Nf6 4. a3 a5 5. Nc3 Bc5 6. Nf3 O-O 7. O-O Re8 8. d3
h6 9. Nd2 d6 10. Nde4 Nxe4 11. Nxe4 Bb6 12. Kh1 Bg4 13. h3 Be6 14. e3 Qd7 15.
Kh2 Ne7 16. Nc3 d5 17. Qe2 c6 18. Na4 Ba7 19. b3 Rac8 20. Bd2 b6 21. Nc3 Bb8
22. Rfd1 d4 23. Na4 Ba7 24. Nb2 dxe3 25. Bxe3 c5 26. b4 Nf5 27. bxa5 bxa5 28.
Bd2 Nd4 29. Qh5 Bb8 30. Rab1 a4 31. Bc3 f5 32. Rd2 f4 33. Bxd4 fxg3+ 34. fxg3
exd4 35. Nd1 Qd6 36. Qg6 Qe5 37. Rf2 Rf8 38. Rb7 Bf5 39. Rxf5 Rxf5 40. Be4 Rcf8
41. Rxb8 Rxb8 42. Qxf5 Qxf5 43. Bxf5 Rb3 44. Bd7 Rxa3 45. Bxa4 Rxa4 46. Kg2 Kf7
47. Kf3 Ke6 48. Nf2 Kd6 49. h4 Ra3 50. Ke4 Ra2 51. Nh3 Re2+ 52. Kf5 Re3 53. Nf4
Rxg3 54. h5 Rg5+ 55. Ke4 Re5+ 56. Kf3 Re3+ 57. Kg4 Ke5 58. Ng6+ Kf6 59. Nf4 Re1
60. Nd5+ Ke5 61. Ne7 Rg1+ 62. Kf3 Rg5 63. Ng6+ Rxg6 64. hxg6 Kf5 0-1

[Event "Bronshoj Lang Weekend 2015"]
[Site "Copenhagen"]
[Date "2015.02.06"]
[Round "1"]
[White "Olsen, Michael Richard W"]
[Black "Kyrkjebo, Marte Bakken"]
[Result "1-0"]
[WhiteElo "2003"]
[BlackElo "1630"]
[PlyCount "67"]
[EventDate "2015.??.??"]
[EventType "swiss"]
[EventRounds "7"]
[EventCountry "DEN"]

1. Nf3 d5 2. g3 Nf6 3. Bg2 c6 4. O-O Bg4 5. b3 Nbd7 6. Ba3 e6 7. Bxf8 Nxf8 8.
Ne5 Bf5 9. d3 N8d7 10. Nxd7 Qxd7 11. Nd2 O-O 12. Qc1 a5 13. Qa3 b5 14. Rac1 a4
15. Qb4 Rfc8 16. h3 c5 17. Qh4 axb3 18. axb3 Ra2 19. Nf3 Qc7 20. Rfe1 Bg6 21.
Nh2 c4 22. bxc4 bxc4 23. Qg5 h6 24. Qe3 Qa5 25. Nf3 Qc3 26. Nd4 Nd7 27. Nxe6
Rxc2 28. Nd4 Rxc1 29. Rxc1 Qa5 30. dxc4 dxc4 31. Nc6 Qc5 32. Qxc5 Nxc5 33. Ne7+
Kf8 34. Nxc8 1-0

[Event "Bronshoj Lang Weekend 2015"]
[Site "Copenhagen"]
[Date "2015.02.06"]
[Round "1"]
[White "Pawlak, Wojciech Zbigniew"]
[Black "Jacobsen, Mikkel Manosri"]
[Result "0-1"]
[WhiteElo "1736"]
[BlackElo "2145"]
[PlyCount "64"]
[EventDate "2015.??.??"]
[EventType "swiss"]
[EventRounds "7"]
[EventCountry "DEN"]

1. c4 c6 2. g3 d5 3. Bg2 Nf6 4. Nf3 Bg4 5. Ne5 e6 6. Nxg4 Nxg4 7. h3 Nf6 8.
cxd5 cxd5 9. Qb3 Bd6 10. Qxb7 O-O 11. Nc3 Nbd7 12. d4 Nb6 13. Bg5 a6 14. O-O
Nc4 15. b3 Na5 16. Bxf6 gxf6 17. Qxa8 Qxa8 18. e4 Bb4 19. Na4 dxe4 20. Rac1 f5
21. Rc7 Bd6 22. Rc2 Qd5 23. Rd1 h5 24. Nb6 Qb7 25. Nc4 Nxc4 26. Rxc4 h4 27. g4
fxg4 28. hxg4 f5 29. gxf5 exf5 30. Rdc1 Qg7 31. Kf1 Qg4 32. R1c3 Qd1# 0-1

[Event "Bronshoj Lang Weekend 2015"]
[Site "Copenhagen"]
[Date "2015.02.06"]
[Round "1"]
[White "Pedersen, Thorben Landstrom"]
[Black "Surender, Anil"]
[Result "0-1"]
[WhiteElo "1650"]
[BlackElo "2062"]
[PlyCount "76"]
[EventDate "2015.??.??"]
[EventType "swiss"]
[EventRounds "7"]
[EventCountry "DEN"]

1. e4 g6 2. d4 Bg7 3. Nf3 d6 4. Be3 a6 5. Nbd2 Nd7 6. Bd3 e6 7. c3 Ne7 8. a4 b6
9. O-O Bb7 10. Re1 h6 11. Rb1 O-O 12. Nf1 g5 13. Ng3 Nf6 14. e5 Bxf3 15. Qxf3
Nfd5 16. Be4 Nxe3 17. Bxa8 Nc2 18. Re2 Nxd4 19. cxd4 Qxa8 20. Qxa8 Rxa8 21. Rc1
dxe5 22. dxe5 Nd5 23. Nh5 Bf8 24. Re4 Kh7 25. h4 Kg6 26. Ng3 c5 27. h5+ Kh7 28.
Ne2 b5 29. Rg4 c4 30. Rg3 Bc5 31. b3 Ba3 32. Ra1 Bb2 33. Ra2 Bxe5 34. Rf3 g4
35. Rg3 Bxg3 36. fxg3 cxb3 37. Rb2 bxa4 38. Nd4 Rb8 0-1

[Event "Bronshoj Lang Weekend 2015"]
[Site "Copenhagen"]
[Date "2015.02.06"]
[Round "1"]
[White "Tandrup, Michael"]
[Black "Gossili, Farid"]
[Result "0-1"]
[WhiteElo "1958"]
[BlackElo "1457"]
[PlyCount "96"]
[EventDate "2015.??.??"]
[EventType "swiss"]
[EventRounds "7"]
[EventCountry "DEN"]

1. d4 d5 2. Nf3 e6 3. e3 c5 4. b3 Nf6 5. Bd3 Nc6 6. Bb2 cxd4 7. exd4 Bd6 8. O-O
O-O 9. Nbd2 Qc7 10. Re1 Bd7 11. Ne5 Rae8 12. a3 Bc8 13. Qf3 Nd7 14. Qh3 f5 15.
f4 Rf6 16. g3 Rh6 17. Qf1 Nf6 18. c4 Ne4 19. Ndf3 Bxe5 20. Nxe5 Nxe5 21. fxe5
Nd2 22. Qf4 Nxb3 23. cxd5 Nxa1 24. d6 Qb6 25. Bxa1 Qb3 26. Qd2 Qxa3 27. Bb5 Rd8
28. Rc1 Bd7 29. Bb2 Qb3 30. Bxd7 Rxd7 31. Rc7 Qa4 32. Qc1 Kf7 33. d5 a5 34. Qd2
Rg6 35. Bc3 b6 36. Bb2 h5 37. Kf1 Qb5+ 38. Ke1 h4 39. Bc3 hxg3 40. hxg3 Rh6 41.
dxe6+ Rxe6 42. Qf4 g6 43. Rxd7+ Qxd7 44. g4 Qxd6 45. gxf5 gxf5 46. Qxf5+ Ke8
47. Ke2 Qc6 48. Ke3 Qxc3+ 0-1

[Event "Bronshoj Lang Weekend 2015"]
[Site "Copenhagen"]
[Date "2015.02.07"]
[Round "2"]
[White "Andersen, Daniel"]
[Black "Tolba, Henri"]
[Result "1-0"]
[WhiteElo "1930"]
[BlackElo "1753"]
[PlyCount "79"]
[EventDate "2015.??.??"]
[EventType "swiss"]
[EventRounds "7"]
[EventCountry "DEN"]

1. c4 Nf6 2. Nc3 e5 3. Nf3 Nc6 4. e4 Be7 5. d4 exd4 6. Nxd4 Nxd4 7. Qxd4 d6 8.
f3 Be6 9. Be3 a6 10. O-O-O Qd7 11. g4 h6 12. Be2 c5 13. Qd2 O-O-O 14. Bf4 Nh7
15. Nd5 Bxd5 16. Qxd5 Bg5 17. Qd2 Bxf4 18. Qxf4 Ng5 19. Bd3 Ne6 20. Qe3 f6 21.
h4 Nd4 22. Rhg1 Rhf8 23. Rdf1 Rde8 24. f4 Re7 25. Qg3 Rxe4 26. Kb1 Re7 27. g5
hxg5 28. fxg5 Re5 29. h5 Rxg5 30. Qxg5 fxg5 31. Rxf8+ Kc7 32. Bg6 Qe6 33. Rf7+
Kb6 34. Rxg7 Nf5 35. Rh7 Qe4+ 36. Ka1 Qd4 37. Rc1 Ne3 38. Re7 Nxc4 39. Rxc4
Qxc4 40. h6 1-0

[Event "Bronshoj Lang Weekend 2015"]
[Site "Copenhagen"]
[Date "2015.02.07"]
[Round "2"]
[White "Fries Nielsen, Niels Jorgen"]
[Black "Andersen, Rune"]
[Result "1-0"]
[WhiteElo "2324"]
[BlackElo "2056"]
[PlyCount "119"]
[EventDate "2015.??.??"]
[EventType "swiss"]
[EventRounds "7"]
[EventCountry "DEN"]

1. d4 d5 2. g3 Nf6 3. Bg2 c6 4. Nc3 Bf5 5. Nf3 e6 6. Nh4 Bg4 7. h3 Bh5 8. g4
Bg6 9. Nxg6 hxg6 10. e4 Be7 11. Qd3 Nbd7 12. Bd2 Nxe4 13. Nxe4 dxe4 14. Bxe4
Bg5 15. f4 Bh4+ 16. Ke2 Qe7 17. a4 g5 18. Raf1 f5 19. Bf3 gxf4 20. gxf5 e5 21.
Kd1 O-O-O 22. Qe4 Bg3 23. Kc1 Qf7 24. d5 cxd5 25. Qxd5 Qxd5 26. Bxd5 Nc5 27. c4
Nxa4 28. Be1 Bh4 29. Bxh4 Rxh4 30. Rhg1 Nb6 31. Be6+ Kb8 32. b3 e4 33. Rxg7 e3
34. Rg2 a5 35. f6 Nd7 36. f7 Nf8 37. Bd5 Kc7 38. Kd1 b5 39. Ke2 bxc4 40. bxc4
Kd6 41. Rg5 Rb8 42. Kf3 a4 43. Ra1 Rb2 44. Ke4 Rd2 45. c5+ Kxc5 46. Be6+ Kd6
47. Bg4 Ke7 48. Rxa4 e2 49. Re5+ Kxf7 50. Kf3 Ng6 51. Ra7+ Kf8 52. Re6 Rh6 53.
Kf2 Rb2 54. Bf5 f3 55. Ra3 Nh4 56. Rxh6 Ng2 57. Ra8+ Kg7 58. Rg6+ Kf7 59. Ra7+
Kf8 60. Rf6+ 1-0

[Event "Bronshoj Lang Weekend 2015"]
[Site "Copenhagen"]
[Date "2015.02.07"]
[Round "2"]
[White "Gossili, Farid"]
[Black "Fredericia, Louise Winther"]
[Result "0-1"]
[WhiteElo "1457"]
[BlackElo "2064"]
[PlyCount "104"]
[EventDate "2015.??.??"]
[EventType "swiss"]
[EventRounds "7"]
[EventCountry "DEN"]

1. c4 g6 2. Nc3 Bg7 3. d4 d6 4. Nf3 Nf6 5. Bg5 h6 6. Bh4 O-O 7. e4 Bg4 8. Be2
Nfd7 9. h3 Bxf3 10. Bxf3 Nc6 11. d5 Na5 12. Qa4 Bxc3+ 13. bxc3 b6 14. O-O Nc5
15. Qb4 Nd3 16. Qb1 Ne5 17. Be2 Nexc4 18. Qc1 Kh7 19. f4 f6 20. Rf3 Qe8 21. Qc2
Na3 22. Qb2 Qa4 23. Bd3 Rg8 24. Qb4 b5 25. Bxb5 Qxb5 26. Qxa3 Rgb8 27. Rd1 Nc4
28. Qb4 a5 29. Qxb5 Rxb5 30. Rd4 Nb6 31. a4 Rb1+ 32. Kh2 g5 33. fxg5 hxg5 34.
Bg3 Ra1 35. Rd2 Rxa4 36. Re2 Nc4 37. h4 Kg6 38. hxg5 Rh8+ 39. Kg1 Ra1+ 40. Be1
fxg5 41. Kf2 Rh4 42. Bd2 a4 43. Kg3 Nxd2 44. Rxd2 Rxe4 45. Rc2 Rae1 46. Kf2 Rb1
47. c4 Rf4 48. c5 a3 49. Ke2 Rxf3 50. gxf3 Rb2 51. Kd3 Rxc2 52. Kxc2 Kf5 0-1

[Event "Bronshoj Lang Weekend 2015"]
[Site "Copenhagen"]
[Date "2015.02.07"]
[Round "2"]
[White "Hansen, Thomas"]
[Black "Moller, Arne"]
[Result "1/2-1/2"]
[WhiteElo "1702"]
[BlackElo "1904"]
[PlyCount "162"]
[EventDate "2015.??.??"]
[EventType "swiss"]
[EventRounds "7"]
[EventCountry "DEN"]

1. e4 c5 2. Nf3 d6 3. d4 cxd4 4. Nxd4 Nf6 5. f3 a6 6. c4 e6 7. Nc3 Be7 8. Be2
O-O 9. O-O Qc7 10. Be3 Nbd7 11. Qd2 b6 12. Rfd1 Bb7 13. Nc2 Rfd8 14. Bf4 Nf8
15. Ne3 Ng6 16. Bg3 Rac8 17. Qe1 Bc6 18. Rd2 Nh5 19. Bf2 Nhf4 20. Bf1 Ne5 21.
Rad1 Nh3+ 22. Kh1 Nxf2+ 23. Qxf2 Ng6 24. g3 Rd7 25. h4 Rcd8 26. h5 Nf8 27. Bg2
b5 28. cxb5 axb5 29. Ne2 Qa5 30. Nd4 Bb7 31. b4 Qxb4 32. Rb2 Qa4 33. Nxb5 Bf6
34. Rbb1 Bc6 35. Bf1 Rb7 36. Qc2 Qxc2 37. Nxc2 Rdb8 38. Nba3 d5 39. Rxb7 Rxb7
40. exd5 Bxd5 41. Bg2 Rb2 42. Ne1 Rxa2 43. Nb5 Rb2 44. Na3 Be7 45. Nb1 Bb3 46.
Rc1 Bg5 47. f4 Bf6 48. Nf3 Bc2 49. Nbd2 Bf5 50. Nc4 Ra2 51. Nce5 Bxe5 52. Nxe5
f6 53. Nf3 Bg4 54. Nd4 Bxh5 55. Nxe6 Nxe6 56. Bd5 Bg4 57. Bxa2 Kf8 58. Bxe6
Bxe6 59. Rc7 h5 60. Kg2 g6 61. Kf3 Ke8 62. Ke4 Bd7 63. Kd5 Ke7 64. Ra7 g5 65.
fxg5 fxg5 66. Ke5 h4 67. gxh4 gxh4 68. Ra6 h3 69. Rh6 Bg4 70. Rh7+ Kd8 71. Rh4
h2 72. Kd6 Ke8 73. Rxh2 Kf7 74. Ke5 Bc8 75. Rh6 Bg4 76. Rf6+ Kg7 77. Rb6 Bc8
78. Rc6 Bg4 79. Kf4 Bh3 80. Kg5 Kh7 81. Rc3 Bd7 1/2-1/2

[Event "Bronshoj Lang Weekend 2015"]
[Site "Copenhagen"]
[Date "2015.02.07"]
[Round "2"]
[White "Haugaard, Thomas"]
[Black "Bojesen, Villads Ussing"]
[Result "0-1"]
[WhiteElo "1743"]
[BlackElo "1946"]
[PlyCount "74"]
[EventDate "2015.??.??"]
[EventType "swiss"]
[EventRounds "7"]
[EventCountry "DEN"]

1. c4 e5 2. g3 Nf6 3. Bg2 Nc6 4. Nc3 Bc5 5. Nf3 d5 6. cxd5 Nxd5 7. O-O Be6 8.
Ne4 Be7 9. d4 exd4 10. Nxd4 Nxd4 11. Qxd4 O-O 12. Rd1 c6 13. a3 Nf6 14. Qa4 Qb6
15. b4 a5 16. Be3 Qc7 17. Bf4 Qb6 18. Be3 Qa6 19. Nc5 Qxe2 20. Nxe6 fxe6 21. b5
Qxb5 22. Qxb5 cxb5 23. Bxb7 Rab8 24. Bf3 Rfd8 25. Bf4 Rbc8 26. Rxd8+ Rxd8 27.
Bc7 Rd3 28. Be2 Rxa3 29. Rxa3 Bxa3 30. Bxa5 b4 31. Bc4 Kf7 32. Kf1 Ke7 33. Ke2
Kd6 34. h3 Nd7 35. Kd2 Nc5 36. Bb6 Nd7 37. Bb3 Nxb6 0-1

[Event "Bronshoj Lang Weekend 2015"]
[Site "Copenhagen"]
[Date "2015.02.07"]
[Round "2"]
[White "Henriksen, Christian Steen"]
[Black "Pedersen, Thorben Landstrom"]
[Result "1-0"]
[WhiteElo "1837"]
[BlackElo "1650"]
[PlyCount "67"]
[EventDate "2015.??.??"]
[EventType "swiss"]
[EventRounds "7"]
[EventCountry "DEN"]

1. d4 d5 2. c4 e6 3. Nc3 Nf6 4. Bg5 Be7 5. e3 O-O 6. Nf3 c6 7. Bd3 dxc4 8. Bxc4
Ng4 9. Bf4 h6 10. h3 Nf6 11. O-O Bd6 12. Bxd6 Qxd6 13. Qe2 b5 14. Bd3 a5 15.
Rac1 b4 16. Na4 Nd5 17. Nc5 Nd7 18. Rfd1 Nxc5 19. Rxc5 g6 20. Ne5 Ne7 21. Rdc1
Bb7 22. Qf3 Kg7 23. Ng4 f5 24. Ne5 Qd8 25. Qg3 Rc8 26. Be2 Kh7 27. Bf3 f4 28.
Qg4 Rf6 29. Bxc6 Bxc6 30. Nxc6 fxe3 31. fxe3 h5 32. Nxd8 Rxc5 33. Qd1 Rcf5 34.
Rc7 1-0

[Event "Bronshoj Lang Weekend 2015"]
[Site "Copenhagen"]
[Date "2015.02.07"]
[Round "2"]
[White "Holmsgaard, Henrik"]
[Black "Tandrup, Michael"]
[Result "0-1"]
[WhiteElo "2275"]
[BlackElo "1958"]
[PlyCount "48"]
[EventDate "2015.??.??"]
[EventType "swiss"]
[EventRounds "7"]
[EventCountry "DEN"]

1. e4 e6 2. d4 d5 3. Nd2 dxe4 4. Nxe4 Bd7 5. Bd3 Bc6 6. Nf3 Nd7 7. O-O Ngf6 8.
Qe2 Be7 9. c4 O-O 10. Bf4 Nxe4 11. Bxe4 Bxe4 12. Qxe4 c6 13. Rad1 Nf6 14. Qe2
Bd6 15. Be5 Qe7 16. Bxf6 Qxf6 17. Ne5 Rad8 18. Rd3 Bxe5 19. dxe5 Qf4 20. Re1
Rxd3 21. Qxd3 Qg5 22. Re3 Rd8 23. Qe2 Qf5 24. Re4 Qxe4 0-1

[Event "Bronshoj Lang Weekend 2015"]
[Site "Copenhagen"]
[Date "2015.02.07"]
[Round "2"]
[White "Jacobsen, Mikkel Manosri"]
[Black "Aabling Thomsen, Jakob"]
[Result "0-1"]
[WhiteElo "2145"]
[BlackElo "2327"]
[PlyCount "56"]
[EventDate "2015.??.??"]
[EventType "swiss"]
[EventRounds "7"]
[EventCountry "DEN"]

1. d4 g6 2. Nf3 Bg7 3. Bf4 d6 4. e3 Nd7 5. h3 e5 6. Bh2 Ne7 7. c4 O-O 8. Nc3 b6
9. Be2 Bb7 10. Qc2 exd4 11. exd4 Nf5 12. d5 Ne5 13. Nxe5 dxe5 14. Bd3 Nd4 15.
Qd2 f5 16. Ne2 c5 17. Rc1 Qf6 18. b3 Rae8 19. Bb1 g5 20. Ng3 Qg6 21. Qd1 e4 22.
Qh5 Qf6 23. Qd1 Bh6 24. h4 g4 25. Rc3 e3 26. Rd3 Bc8 27. fxe3 Bxe3 28. Kf1 f4
0-1

[Event "Bronshoj Lang Weekend 2015"]
[Site "Copenhagen"]
[Date "2015.02.07"]
[Round "2"]
[White "Jorgensen, Mikkel"]
[Black "Jensen, Rolf"]
[Result "1/2-1/2"]
[WhiteElo "1889"]
[BlackElo "1673"]
[PlyCount "57"]
[EventDate "2015.??.??"]
[EventType "swiss"]
[EventRounds "7"]
[EventCountry "DEN"]

1. e4 c5 2. Nf3 d6 3. d4 cxd4 4. Nxd4 Nf6 5. Nc3 a6 6. Bg5 e6 7. f4 Be7 8. Qf3
Nbd7 9. Bc4 Qb6 10. O-O-O O-O 11. Rhe1 Kh8 12. e5 dxe5 13. fxe5 Ng8 14. Qh5 Qc7
15. Bxe7 Nxe7 16. Bxe6 Ng6 17. Bxd7 Bxd7 18. e6 Nf4 19. Nd5 Nxd5 20. Qxd5 Bxe6
21. Nxe6 fxe6 22. Qxe6 Rac8 23. c3 Qxh2 24. Rh1 Qf4+ 25. Kc2 h6 26. Rdf1 Qa4+
27. Kc1 Rxf1+ 28. Rxf1 Re8 29. Qd5 1/2-1/2

[Event "Bronshoj Lang Weekend 2015"]
[Site "Copenhagen"]
[Date "2015.02.07"]
[Round "2"]
[White "Karlsson, Ulf"]
[Black "Moe, Mogens"]
[Result "1-0"]
[WhiteElo "2000"]
[BlackElo "2183"]
[PlyCount "89"]
[EventDate "2015.??.??"]
[EventType "swiss"]
[EventRounds "7"]
[EventCountry "DEN"]

1. e4 c5 2. Nc3 Nc6 3. Bb5 g6 4. Bxc6 dxc6 5. d3 Bg7 6. Nge2 e5 7. Be3 b6 8.
Qd2 Qd6 9. O-O Be6 10. b3 Ne7 11. Rad1 O-O-O 12. f4 f6 13. fxe5 fxe5 14. Na4 h5
15. Nb2 Ng8 16. Nc4 Qc7 17. Bg5 Re8 18. Rf2 h4 19. h3 Rh5 20. Rdf1 b5 21. Nb2
Bh6 22. Bxh6 Nxh6 23. Qe3 Qe7 24. a4 a6 25. axb5 cxb5 26. Nc3 Qd6 27. Rf6 Qd4
28. Nbd1 g5 29. Ne2 Qxe3+ 30. Nxe3 Kd7 31. Nc3 Re7 32. Ncd5 Ng8 33. Rf8 Bxd5
34. Nxd5 Rg7 35. Rxg8 Rxg8 36. Nf6+ Ke6 37. Nxg8 Rh8 38. Nf6 Rf8 39. Nd5 Rxf1+
40. Kxf1 Kd6 41. Ke2 a5 42. Kd2 c4 43. dxc4 bxc4 44. Kc3 cxb3 45. cxb3 1-0

[Event "Bronshoj Lang Weekend 2015"]
[Site "Copenhagen"]
[Date "2015.02.07"]
[Round "2"]
[White "Kokholm, Daniel"]
[Black "Pawlak, Wojciech Zbigniew"]
[Result "0-1"]
[WhiteElo "1890"]
[BlackElo "1736"]
[PlyCount "76"]
[EventDate "2015.??.??"]
[EventType "swiss"]
[EventRounds "7"]
[EventCountry "DEN"]

1. d4 Nf6 2. Nc3 d5 3. e4 Nxe4 4. Nxe4 dxe4 5. Bf4 c6 6. Qd2 Nd7 7. O-O-O e6 8.
f3 Nf6 9. Bg5 Be7 10. Bxf6 Bxf6 11. fxe4 Bg5 12. Nf3 Bxd2+ 13. Rxd2 O-O 14. h4
Qc7 15. Kb1 b6 16. Bd3 Bb7 17. h5 h6 18. Rg1 c5 19. c3 Qf4 20. Re2 cxd4 21.
cxd4 Rac8 22. Ne5 Rc7 23. g3 Qg5 24. Nf3 Qe7 25. g4 Rfc8 26. a3 Qf6 27. Ne5 Qf4
28. Ree1 f6 29. Ng6 Qd2 30. Rd1 Rc1+ 31. Rxc1 Qxd3+ 32. Ka1 Rxc1+ 33. Rxc1 Qxd4
34. Rc7 Qxe4 35. Rd7 Qe1+ 36. Ka2 Bd5+ 37. b3 Qd2+ 38. Ka1 Qc3+ 0-1

[Event "Bronshoj Lang Weekend 2015"]
[Site "Copenhagen"]
[Date "2015.02.07"]
[Round "2"]
[White "Kristensen, Lars Ostergaard"]
[Black "O'hayv, Nikolaj Benjamin"]
[Result "1/2-1/2"]
[WhiteElo "1660"]
[BlackElo "1890"]
[PlyCount "102"]
[EventDate "2015.??.??"]
[EventType "swiss"]
[EventRounds "7"]
[EventCountry "DEN"]

1. d4 d5 2. c4 e6 3. Nc3 Nf6 4. cxd5 exd5 5. Bg5 c6 6. e3 h6 7. Bh4 g5 8. Bg3
Bf5 9. Bd3 Bxd3 10. Qxd3 Nbd7 11. Nf3 Bb4 12. Nd2 Qe7 13. a3 Bd6 14. Bxd6 Qxd6
15. b4 a6 16. Qf5 Qe6 17. Qxe6+ fxe6 18. Nf3 O-O 19. O-O Rae8 20. Rac1 e5 21.
dxe5 Nxe5 22. Nxe5 Rxe5 23. Rc2 h5 24. Na4 Ne4 25. Rd1 Ref5 26. Rf1 g4 27. Nc5
Nxc5 28. Rxc5 h4 29. Rcc1 Kg7 30. a4 R8f7 31. g3 hxg3 32. hxg3 R7f6 33. Kg2 Kg6
34. Rcd1 Kg5 35. Rd4 Rh6 36. Rf4 Rxf4 37. gxf4+ Kf5 38. Rd1 Re6 39. Rd4 Rh6 40.
b5 axb5 41. axb5 Re6 42. bxc6 bxc6 43. Kg3 Rh6 44. Kg2 Rh7 45. Kg3 Rh1 46. Kg2
Rc1 47. Kg3 Rg1+ 48. Kh2 Rc1 49. Kg3 Rc2 50. f3 gxf3 51. Kxf3 Rb2 1/2-1/2

[Event "Bronshoj Lang Weekend 2015"]
[Site "Copenhagen"]
[Date "2015.02.07"]
[Round "2"]
[White "Kyrkjebo, Eirik"]
[Black "Hansen, John Laurids"]
[Result "0-1"]
[WhiteElo "1636"]
[BlackElo "1876"]
[PlyCount "52"]
[EventDate "2015.??.??"]
[EventType "swiss"]
[EventRounds "7"]
[EventCountry "DEN"]

1. e4 e5 2. Nf3 Nc6 3. Nc3 Nf6 4. Bb5 Bc5 5. Nxe5 Bxf2+ 6. Kxf2 Nxe5 7. d4
Neg4+ 8. Kg1 c6 9. Be2 d6 10. h3 Nh6 11. Bg5 Be6 12. Qf1 Nhg8 13. Rd1 Qb6 14.
b3 O-O-O 15. Na4 Qa5 16. Bd2 Qc7 17. Bg5 h6 18. Bxf6 Nxf6 19. Bf3 h5 20. d5
cxd5 21. exd5 Bd7 22. Rd4 Kb8 23. Kh2 Qxc2 24. Rb4 Qd2 25. a3 Ng4+ 26. Kg3 h4#
0-1

[Event "Bronshoj Lang Weekend 2015"]
[Site "Copenhagen"]
[Date "2015.02.07"]
[Round "2"]
[White "Kyrkjebo, Marte Bakken"]
[Black "Kyrkjebo, Hanna Bakken"]
[Result "1/2-1/2"]
[WhiteElo "1630"]
[BlackElo "1815"]
[PlyCount "42"]
[EventDate "2015.??.??"]
[EventType "swiss"]
[EventRounds "7"]
[EventCountry "DEN"]

1. e4 e5 2. Bc4 Bc5 3. Nf3 Nc6 4. d3 d6 5. Nc3 Nf6 6. h3 h6 7. O-O Be6 8. Bb3
Bxb3 9. axb3 O-O 10. Re1 Re8 11. Be3 Bb6 12. Bxb6 axb6 13. Qd2 Qd7 14. Nd5 Nxd5
15. exd5 Nd4 16. Nxd4 exd4 17. c3 dxc3 18. bxc3 c6 19. dxc6 bxc6 20. Rxe8+ Rxe8
21. Re1 Rxe1+ 1/2-1/2